1412 1350 1436 1642 1384 1614 1170 1784 1357 1466 1714 1386 1838 1575 1837 1603 1530 1406 1573 1366 1213 1174 1089 1078 1579 1769 1885 1855 1076 1179 1346 1161 1735 1842 1615 1264 1188 1212 1397 1725 1836 1269 1648 1442 1553 1637 1403 1775 1365 1444 1826 1808 1147 1292 1311 1520 1509 1866 1913 1882 1929 1365 1317 1468 1758 1663 1621 1597 1491 1311 1905 1949 1621 1572 1122 1000 1973 1382 1506 1973 1763 1848 1105 1151 1333 1398 1294 1652 1160 1450 1678 1333 1816 1940 1565 1586 1547 1710 1878 BCNSPRNW ULIB Ver.6.0+V

เปลี่ยนเป็นภาษาไทย

Change to English
 แสดงรายละเอียดบรรณานุกรม
  กลับหน้าหลัก

Brief Record : Get Marc (ISO 2709) : E-mail record : QR code < ปิดหน้าต่าง
LEADER : 00000nam 2200000uu 4500
001    13399114733
003     ULIB
008    120508s2550||||th 000 0 tha d
099    ^aวจ.WY18^bอ525ผ
100 0  ^aอัญชลีพร วิสิทธิ์วงษ์
245 00 ^aประสบการณ์ของนักศึกษาจังหวัดชายแดนภาคใต้ในการเป็นนักศึกษาพยาบาลใหม่ หลักสูตรพยาบาลศาสตรบัณฑิต วิทยาลัยพยาบาลบรมราชชนนี ชัยนาท/^cอัญชลีพร วิสิทธิ์วงษ์
260    ^aชัยนาท :^bวิทยาลัยพยาบาลบรมราชชนนี ชัยนาท,^c2550
300    ^a110 หน้า :^bตาราง
500    ^aรายงานการวิจัย
650  7 ^aการจัดการเรียนการสอน^xวิจัย
710 1  ^aวิทยาลัยพยาบาลบรมราชชนนี ชัยนาท
945    ^p0^l0^i031736
995    ^aเกษร
999    ^aใช้งานได้ทุกระบบ
รายการนี้ยังไม่มีแท็ก
คุณยังไม่ได้ล็อกอิน คุณสามารถมีกิจกรรมร่วมกับเว็บไซต์ได้ แต่ต้องล็อกอินก่อน ::
  ล็อกอิน

รายการสื่อสารสนเทศ

ลำดับที่ ประเภท เลขเรียก/บาร์โค้ด สถานที่ สถานะ
1. วิทยาศาสตร์การแพทย์ และสุขภาพ
วิทยาศาสตร์การแพทย์ และสุขภาพ
วจ.WY18 อ525ผ  
  Barcode: 031736
ห้องสมุดวิทยาเขตสวรรค์ประชารักษ์
►วิจัย
บนชั้น

BibComment


ยังไม่เคยถูกคอมเมนท์

คอมเมนท์ทรัพยากรรายการนี้
  คอมเมนท์: ประสบการณ์ของนัก..


 Copyright 2026. Bcnsprnw @Library